Largest Cities that Contain the Letter O - Statistics

General Stats
  • This quiz has been taken 302 times
  • The average score is 22 of 24
Answer Stats
Population City % Correct
40,700,000 Tokyo
100%
24,800,000 Seoul
99%
19,900,000 Bangkok
98%
21,900,000 Cairo
98%
14,500,000 Johannesburg
98%
14,800,000 London
98%
24,700,000 Mexico City
98%
17,400,000 Moscow
98%
13,300,000 Rio de Janeiro
98%
10,000,000 Bogota
97%
16,800,000 Buenos Aires
97%
20,700,000 Lagos
97%
22,700,000 Sao Paulo
97%
17,500,000 Los Angeles
96%
23,000,000 New York
96%
17,700,000 Osaka
96%
10,900,000 Ho Chi Minh City
95%
65,100,000 Guangzhou
91%
13,900,000 Lahore
90%
17,200,000 Kolkata
86%
13,200,000 Bangalore
82%
10,500,000 Nagoya
78%
10,100,000 Chongqing
58%
12,500,000 Hangzhou
55%
No matching quizzes found
Score Distribution
Percent of People with Each Score
Percentile by Number Answered
Your Score History
You have not taken this quiz